Statistics for Crystal Palace's Ideal Starting 11

Click here to take the quiz!

General Stats

  • This quiz has been taken 32 times
    (26 since last reset)
  • The average score is 6 of 11

Answer Stats

PositionPlayer% Correct
RWZaha
100%
STBenteke
86%
CBDann
73%
GKHennessey
73%
CBSakho
64%
LWTownsend
50%
LBVan Aanholt
50%
CMCabaye
45%
CMMcArthur
36%
RBFosu-Mensah
18%
CAMLoftus-Cheek
18%

Score Distribution

Percentile by Number Answered

Percent of People with Each Score

Your Score History

You have not taken this quiz since the last reset